| 000 | 00531nam a2200181Ia 4500 | ||
|---|---|---|---|
| 999 |
_c8027 _d8027 |
||
| 003 | OSt | ||
| 005 | 20201118152934.0 | ||
| 008 | 190216s9999||||xx |||||||||||||| ||und|| | ||
| 020 | _a9788120343436 | ||
| 040 | _coclc | ||
| 082 |
_a657 _bNAR/F |
||
| 100 |
_aNarayanaswamy, R _91176 |
||
| 245 | 0 |
_aFinancial Accounting : a managerial perspective/ _cR Narayanaswamy |
|
| 250 | _a4th ed. | ||
| 260 |
_bPHI Learning Private Ltd, _c2013. _aNew Delhi: |
||
| 300 | _a680p | ||
| 942 |
_cBK _2ddc _h657 _iNAR/F _k657 _mNAR/F |
||